President Radhakrishnans Speeches and Writings (Record no. 30453)

MARC details
000 -LEADER
fixed length control field 00464nam a2200145Ia 4500
008 - FIXED-LENGTH DATA ELEMENTS--GENERAL INFORMATION
fixed length control field 211109s9999||||xx |||||||||||||| ||und||
082 ## - DEWEY DECIMAL CLASSIFICATION NUMBER
Classification number 352.238
Item number RAD-P
100 ## - MAIN ENTRY--PERSONAL NAME
Personal name Ministry of Information and Broadcsting
245 #0 - TITLE STATEMENT
Title President Radhakrishnans Speeches and Writings
260 ## - PUBLICATION, DISTRIBUTION, ETC.
Name of publisher, distributor, etc. MIB
Place of publication, distribution, etc. New Delhi
Date of publication, distribution, etc. 1965
300 ## - PHYSICAL DESCRIPTION
Extent 447p.
630 ## - SUBJECT ADDED ENTRY--UNIFORM TITLE
General subdivision General Stack
650 ## - SUBJECT ADDED ENTRY--TOPICAL TERM
Topical term or geographic name entry element Indian Administartion
942 ## - ADDED ENTRY ELEMENTS (KOHA)
Koha item type BOOK
650 ## - SUBJECT ADDED ENTRY--TOPICAL TERM
Form subdivision English SpeechesGovernmentPresident of India
General subdivision Generalia
Holdings
Withdrawn status Lost status Damaged status Not for loan Home library Current library Date acquired Cost, normal purchase price Total Checkouts Full call number Barcode Shelving location Date last seen Price effective from Koha item type
        SB LIBRARY SB LIBRARY 09/11/2021 100.00   352.238 RAD-P 00031377 GENERAL STACK 09/11/2021 09/11/2021 BOOK

Powered by Koha